000 00327nam a2200133Ia 4500
008 240624s9999 xx 000 0 und d
041 _aeng
082 _a300.7 BAS
100 _aBASTOW SIMON
245 _aIMPACT OF THE SOCIAL SCIENCES HOW ACADEM
260 _c2014
_aNew Delhi
_bSage
300 _a344 : p.
365 _cGBP
_b32
999 _c27974
_d27974